<?xml version="1.0" encoding="UTF-8"?>
<record
    xmlns:xsi="http://www.w3.org/2001/XMLSchema-instance"
    xsi:schemaLocation="http://www.loc.gov/MARC21/slim http://www.loc.gov/standards/marcxml/schema/MARC21slim.xsd"
    xmlns="http://www.loc.gov/MARC21/slim">

  <leader>00730nas a2200217 a 4500</leader>
  <controlfield tag="001">000037107</controlfield>
  <controlfield tag="003">DO-SdBNP</controlfield>
  <controlfield tag="005">20240917152715.0</controlfield>
  <controlfield tag="008">120214c19509999dr fr1pdd     0    0spa d</controlfield>
  <datafield tag="040" ind1=" " ind2=" ">
    <subfield code="a">DO-SdBNP</subfield>
    <subfield code="b">spa</subfield>
    <subfield code="c">DO-SdBNP</subfield>
    <subfield code="e">rda</subfield>
  </datafield>
  <datafield tag="043" ind1=" " ind2=" ">
    <subfield code="a">nwdr</subfield>
  </datafield>
  <datafield tag="245" ind1="0" ind2="0">
    <subfield code="a">Boletin mucipal.</subfield>
  </datafield>
  <datafield tag="246" ind1=" " ind2=" ">
    <subfield code="a">Boletin municipal : organo del honorable ayuntamiento de la com&#xFA;n de San Crist&#xF3;bal</subfield>
  </datafield>
  <datafield tag="260" ind1=" " ind2=" ">
    <subfield code="a">San Cristobal, Ciudad Benem&#xE9;rita :</subfield>
    <subfield code="b">Ayuntamiento de San Crist&#xF3;bal,</subfield>
    <subfield code="c">1950.</subfield>
  </datafield>
  <datafield tag="300" ind1=" " ind2=" ">
    <subfield code="a">v. ;</subfield>
    <subfield code="c">23 cm.</subfield>
  </datafield>
  <datafield tag="310" ind1=" " ind2=" ">
    <subfield code="a">A&#xF1;o V Enero a Junio de 1950, No. 14</subfield>
    <subfield code="b">1950</subfield>
  </datafield>
  <datafield tag="362" ind1=" " ind2=" ">
    <subfield code="a">Semestral</subfield>
  </datafield>
  <datafield tag="650" ind1=" " ind2="4">
    <subfield code="a">Ayuntamientos municipales</subfield>
    <subfield code="z">Rep&#xFA;blica Dominicana</subfield>
    <subfield code="9">63516</subfield>
  </datafield>
  <datafield tag="651" ind1=" " ind2="0">
    <subfield code="a">Rep&#xFA;blica Dominicana</subfield>
    <subfield code="9">10483</subfield>
  </datafield>
  <datafield tag="942" ind1=" " ind2=" ">
    <subfield code="2">ddc</subfield>
    <subfield code="c">ISSUE</subfield>
  </datafield>
  <datafield tag="952" ind1=" " ind2=" ">
    <subfield code="0">0</subfield>
    <subfield code="1">0</subfield>
    <subfield code="3">No se presta</subfield>
    <subfield code="7">1</subfield>
    <subfield code="8">SE</subfield>
    <subfield code="a">PD</subfield>
    <subfield code="b">PD</subfield>
    <subfield code="c">NA</subfield>
    <subfield code="d">2012-02-20</subfield>
    <subfield code="e">4</subfield>
    <subfield code="h">A&#xF1;o.5:no.14(1950:enero/jun.)</subfield>
    <subfield code="i">195001011950070520120223</subfield>
    <subfield code="l">0</subfield>
    <subfield code="o">14</subfield>
    <subfield code="p">37107-5-14-1</subfield>
    <subfield code="r">2020-08-08</subfield>
    <subfield code="w">2020-08-08</subfield>
    <subfield code="y">ISSUE</subfield>
    <subfield code="z">Edici&#xF3;n especial: 25 aniversario</subfield>
  </datafield>
  <datafield tag="952" ind1=" " ind2=" ">
    <subfield code="0">0</subfield>
    <subfield code="1">0</subfield>
    <subfield code="3">No se presta</subfield>
    <subfield code="7">1</subfield>
    <subfield code="8">SE</subfield>
    <subfield code="a">PD</subfield>
    <subfield code="b">PD</subfield>
    <subfield code="c">NA</subfield>
    <subfield code="d">2012-02-20</subfield>
    <subfield code="e">4</subfield>
    <subfield code="h">A&#xF1;o.5:no.15(1950:jul./dic.)</subfield>
    <subfield code="i">195007301950013020120223</subfield>
    <subfield code="l">0</subfield>
    <subfield code="o">15</subfield>
    <subfield code="p">37107-5-15-1</subfield>
    <subfield code="r">2020-08-08</subfield>
    <subfield code="w">2020-08-08</subfield>
    <subfield code="y">ISSUE</subfield>
    <subfield code="z">Edici&#xF3;n especial: 25 aniversario</subfield>
  </datafield>
  <datafield tag="952" ind1=" " ind2=" ">
    <subfield code="0">0</subfield>
    <subfield code="1">0</subfield>
    <subfield code="3">No se presta</subfield>
    <subfield code="7">1</subfield>
    <subfield code="8">SE</subfield>
    <subfield code="a">PD</subfield>
    <subfield code="b">PD</subfield>
    <subfield code="c">NA</subfield>
    <subfield code="d">2012-02-23</subfield>
    <subfield code="e">4</subfield>
    <subfield code="h">A&#xF1;o.6:no.16(1951:enero/jun.)</subfield>
    <subfield code="i">195101301951060520120223</subfield>
    <subfield code="l">0</subfield>
    <subfield code="o">16</subfield>
    <subfield code="p">37107-5-16-1</subfield>
    <subfield code="r">2020-08-08</subfield>
    <subfield code="w">2020-08-08</subfield>
    <subfield code="y">ISSUE</subfield>
    <subfield code="z">Edici&#xF3;n especial: 25 aniversario</subfield>
  </datafield>
  <datafield tag="952" ind1=" " ind2=" ">
    <subfield code="0">0</subfield>
    <subfield code="1">0</subfield>
    <subfield code="3">No se presta</subfield>
    <subfield code="7">1</subfield>
    <subfield code="8">SE</subfield>
    <subfield code="a">PD</subfield>
    <subfield code="b">PD</subfield>
    <subfield code="c">NA</subfield>
    <subfield code="d">2012-02-23</subfield>
    <subfield code="e">4</subfield>
    <subfield code="h">A&#xF1;o.7:no.18(1952:enero/jun.)</subfield>
    <subfield code="i">195201301952063020120223</subfield>
    <subfield code="l">0</subfield>
    <subfield code="o">18</subfield>
    <subfield code="p">37107-57-18-1</subfield>
    <subfield code="r">2020-08-08</subfield>
    <subfield code="w">2020-08-08</subfield>
    <subfield code="y">ISSUE</subfield>
    <subfield code="z">Edici&#xF3;n especial: 25 aniversario</subfield>
  </datafield>
  <datafield tag="952" ind1=" " ind2=" ">
    <subfield code="0">0</subfield>
    <subfield code="1">0</subfield>
    <subfield code="3">No se presta</subfield>
    <subfield code="7">1</subfield>
    <subfield code="8">SE</subfield>
    <subfield code="a">PD</subfield>
    <subfield code="b">PD</subfield>
    <subfield code="c">NA</subfield>
    <subfield code="d">2012-02-23</subfield>
    <subfield code="e">4</subfield>
    <subfield code="h">A&#xF1;o.7:no.19(1952:jul./dic.)</subfield>
    <subfield code="i">1952123019521230</subfield>
    <subfield code="l">0</subfield>
    <subfield code="o">19</subfield>
    <subfield code="p">37107-60</subfield>
    <subfield code="r">2020-08-08</subfield>
    <subfield code="w">2020-08-08</subfield>
    <subfield code="y">ISSUE</subfield>
    <subfield code="z">Edici&#xF3;n especial: 25 aniversario</subfield>
  </datafield>
  <datafield tag="952" ind1=" " ind2=" ">
    <subfield code="0">0</subfield>
    <subfield code="1">0</subfield>
    <subfield code="3">No se presta</subfield>
    <subfield code="7">1</subfield>
    <subfield code="8">SE</subfield>
    <subfield code="a">PD</subfield>
    <subfield code="b">PD</subfield>
    <subfield code="c">NA</subfield>
    <subfield code="d">2012-03-05</subfield>
    <subfield code="e">4</subfield>
    <subfield code="h">A&#xF1;o.8:no.20(1953:enero/jun.)</subfield>
    <subfield code="i">1953063019530630</subfield>
    <subfield code="l">0</subfield>
    <subfield code="o">20</subfield>
    <subfield code="p">37107-70</subfield>
    <subfield code="r">2020-08-08</subfield>
    <subfield code="w">2020-08-08</subfield>
    <subfield code="y">ISSUE</subfield>
    <subfield code="z">Edici&#xF3;n especial: 25 aniversario</subfield>
  </datafield>
  <datafield tag="952" ind1=" " ind2=" ">
    <subfield code="0">0</subfield>
    <subfield code="1">0</subfield>
    <subfield code="3">No se presta</subfield>
    <subfield code="7">1</subfield>
    <subfield code="8">SE</subfield>
    <subfield code="a">PD</subfield>
    <subfield code="b">PD</subfield>
    <subfield code="c">NA</subfield>
    <subfield code="d">2012-03-05</subfield>
    <subfield code="e">4</subfield>
    <subfield code="h">A&#xF1;o.8:no.21(1953:jul./dic.)</subfield>
    <subfield code="i">1953123019531230</subfield>
    <subfield code="l">0</subfield>
    <subfield code="o">21</subfield>
    <subfield code="p">37107-80</subfield>
    <subfield code="r">2020-08-08</subfield>
    <subfield code="w">2020-08-08</subfield>
    <subfield code="y">ISSUE</subfield>
    <subfield code="z">Edici&#xF3;n especial: 25 aniversario</subfield>
  </datafield>
  <datafield tag="999" ind1=" " ind2=" ">
    <subfield code="c">36597</subfield>
    <subfield code="d">36597</subfield>
  </datafield>
</record>
